000 02421cam a22005294i 4500
003 PE-LiUPU
005 20250731183438.0
008 141014s2012 mx a rb 001 spa d
020 _a9786071712455
035 _a(Sirsi) i9786071712455
035 _a(Sirsi) 50731
035 _a(Sirsi) 50731
040 _aPE-LiUPU
_bspa
_cPE-LiUPU
_dPE-LiUPU
_erda
044 _amx
082 0 4 _a720.28
_bV39
100 1 _aVélez González, Roberto
245 1 0 _aConceptos básicos para un arquitecto :
_bfundamentos para lograr un buen proyecto/
_cRoberto Vélez González.
264 1 _aMéxico :
_bTrillas,
_c2012.
300 _a160 páginas :
_bilustraciones ;
_c27 cm.
336 _atext
_2rdacontent
337 _aunmediated
_2rdamedia
338 _avolume
_2rdacarrier
500 _aIncluye bibliografía.
500 _aIncluye índice.
505 0 _aSistema modular -- Arquitectura -- Representación -- Análisis -- Contexto -- Significado -- Psicología -- Tendencias -- Cllima -- Futuro.
526 _aP158
526 _aP146
526 _aP17
526 _aP12
526 _aP06
650 1 4 _aArquitectura
_vDiseños y Planos.
650 1 4 _aDibujo arquitectónico.
650 1 4 _aDecoración y ornamentación arquitetónica.
859 _q67503
_h720.28
_iV39
910 _agl
_b
_cbd
_d20130611
942 _2ddc
_cBOOK
949 _a720.28 V39
_i67503
_lCCODEBUL1
_mBUL
_tLIBRO
_o.STAFF. Colección General
949 _a720.28 V39
_i69701
_lCCODEBUL1
_mBUL
_tLIBRO
_o.STAFF. Colección General
949 _a720.28 V39
_i70544
_lCCODEBUL1
_mBUL
_tLIBRO
_o.STAFF. Colección General
910 _apeb
596 _a1
999 _a720.28 V39
_wDEWEY
_c55133
_i67503
_d55133
_e2018-6-13
_f2021-11-9
_g7
_lCCODEBUL1
_mBUL
_n6
_p20.00
_r0
_sY
_tBOOK
_u2015-7-6
_xINGENIERIA
_PP06
_0COMPRA
_o.STAFF. Colección Ingenieria y Arquitectura
999 _a720.28 V39
_wDEWEY
_c2
_i69701
_d2019-6-6
_e2019-6-2
_f2021-11-9
_g7
_lCCODEBUL1
_mBUL
_n8
_p18.00
_r0
_sY
_tBOOK
_u2015-7-6
_xINGENIERIA
_PP06
_0COMPRA
_o.STAFF. Colección Ingenieria y Arquitectura
999 _a720.28 V39
_wDEWEY
_c3
_i70544
_d2018-5-20
_e2018-5-16
_f2021-11-9
_g7
_lCCODEBUL1
_mBUL
_n6
_p20.00
_q4
_r0
_sY
_tBOOK
_u2015-7-23
_xINGENIERIA
_PP06
_0COMPRA
_o.STAFF. Colección General
980 _81
_gALBERTO SANCHEZ Responsable de Automatización